000 00584nam a2200181Ia 4500
008 100921s9999 xx 000 0 und d
082 _b25609
_a891.463 थ 85
100 _aमंगेशकर गीता.
245 _aतारा.
260 _bप्रिया प्रकाशन, मुंबई.
_c1985
300 _a216
_bरसिक साहित्य,पुणे
365 _b55
520 _aललित-कादंबरी.
630 _aतारा.
650 _aललित-कादंबरी.
730 _aतारा.
942 _cBOOK
999 _c774722
_d774719